000 00315nam a2200133Ia 4500
005 20251222144833.0
008 251222s9999||||xx |||||||||||||| ||spa||
020 _a85-7388-317-0
082 _a868.9/J19
100 _aJamil Nadaf, Yasmin
245 0 _aRodapé das Miscelaneas:
264 _b7Letras
942 _cLIB
999 _c20937
_d20937